Taller de juguetes : (Registro nro. 12316)
[ vista simple ]
| 000 -LEADER | |
|---|---|
| fixed length control field | 00757nam a2200241 4500 |
| 001 - CONTROL NUMBER | |
| control field | 4578 |
| 003 - CONTROL NUMBER IDENTIFIER | |
| control field | DO-SdBNP |
| 005 - DATE AND TIME OF LATEST TRANSACTION | |
| control field | 20161207114702.0 |
| 007 - PHYSICAL DESCRIPTION FIXED FIELD--GENERAL INFORMATION | |
| fixed length control field | 4578 |
| 008 - FIXED-LENGTH DATA ELEMENTS--GENERAL INFORMATION | |
| fixed length control field | 161206b 2005 spa a | 0 spa d |
| 020 ## - INTERNATIONAL STANDARD BOOK NUMBER | |
| International Standard Book Number | 8449428920 |
| 040 ## - CATALOGING SOURCE | |
| Original cataloging agency | BPMSU |
| Language of cataloging | spa |
| Transcribing agency | BPMSU |
| 082 ## - DEWEY DECIMAL CLASSIFICATION NUMBER | |
| Classification number | |
| Item number | |
| 245 ## - TITLE STATEMENT | |
| Title | Taller de juguetes : |
| Remainder of title | creatividad y valores / |
| Statement of responsibility, etc. | dirección Carlos Gispert ilustraciones Mauricio Jácome. |
| 260 ## - PUBLICATION, DISTRIBUTION, ETC. (IMPRINT) | |
| Place of publication, distribution, etc. | Barcelona ; |
| Name of publisher, distributor, etc. | Grupo Docente, |
| -- | Oseano |
| Date of publication, distribution, etc. | 2005 |
| 300 ## - PHYSICAL DESCRIPTION | |
| Extent | v. : |
| Other physical details | ils. ; |
| Dimensions | 29 cm. |
| 500 ## - GENERAL NOTE | |
| General note | Por una educación de calidad |
| 505 ## - FORMATTED CONTENTS NOTE | |
| Formatted contents note | v.1 Taller de juguetes. -- v. 2 Jugar y compartir |
| 700 ## - ADDED ENTRY--PERSONAL NAME | |
| Personal name | Jácome, Mauricio, |
| Relator term | il. |
| 700 ## - ADDED ENTRY--PERSONAL NAME | |
| Personal name | Gispert, Carlos |
| Relator term | dr. |
| 942 ## - ADDED ENTRY ELEMENTS (KOHA) | |
| Source of classification or shelving scheme | Dewey Decimal Classification |
| Koha item type | Libros |
| 956 ## - LOCAL ELECTRONIC LOCATION AND ACCESS (OCLC) | |
| Host name | VMATEO |
| Access number | 10 |
| Compression information | 20161206 |
| Path | BPMSU |
| Electronic name | 0069 |
| Withdrawn status | Lost status | Source of classification or shelving scheme | Damaged status | Not for loan | Collection code | Home library | Current library | Date acquired | Source of acquisition | Total Checkouts | Barcode | Date last seen | Price effective from | Koha item type |
|---|---|---|---|---|---|---|---|---|---|---|---|---|---|---|
| Dewey Decimal Classification | Colección Infantil General | Biblioteca Pública Metropolitana Salomé Ureña | Biblioteca Pública Metropolitana Salomé Ureña | 12/07/2016 | Donado por BNPHU | BPMSU16120207 | 12/07/2016 | 12/07/2016 | Libros |